000 01044nam a2200289 a 4500
001 1037
003 BR-CuiBMT
005 20231127193540.0
008 230919s2012 mgba 001 0 por d
020 _a9788577005338
040 _aBR-CuiBMT
_cBR-CuiBMT
080 _a351.712
_22007
090 _a351.712
_bA469o
100 1 _aAltounian, Cláudio Sarian
245 1 0 _aObras públicas :
_blicitação, contratação, fiscalização e utilização /
_cCláudio Sarian Altounian ; prefácio Marcos Vinicios Vilaça.
250 _a3. ed., rev., atual e ampl.
260 _aBelo Horizonte :
_bFórum,
_c2012.
300 _a413 p. ;
_c25 cm
500 _a(Legislação, decretos, jurisprudência e orientações normativas atualizados até 30 dez. 2011).
504 _aInclui bibliografia e índice.
650 _aDireito administrativo
_zBrasil
650 _aCronograma físico-financeiro
650 _aObras públicas
_xContratação
_zBrasil
650 _aContratação direta
650 _aObras públicas
_zAuditoria
942 _2udc
_cLV
999 _c1037
_d1037